[Event "Zuerich Jubilee op"]
[Site "Zuerich"]
[Date "2009.08.11"]
[Round "4"]
[White "Mikhalevski, Victor"]
[Black "Dreev, Alexey"]
[Result "0-1"]
[WhiteElo "2631"]
[BlackElo "2660"]
[Annotator "Mikhalevski,V"]
[PlyCount "70"]
[EventDate "2009.08.09"]
[EventType "swiss"]
[EventRounds "9"]
[EventCountry "SUI"]
[SourceTitle "CBM 131 Extra"]
[Source "ChessBase"]
[SourceDate "2009.09.03"]
[SourceVersion "2"]
[SourceVersionDate "2009.09.16"]
[SourceQuality "1"]

1. d4 d5 2. c4 c6 3. Nf3 Nf6 4. e3 Bf5 5. Nc3 e6 6. Nh4 Bg6 7. Be2 Nbd7 8. O-O
Ne4 $5 {This new idea of A.Heimann is getting popular thanks to Alexei Shirov
who introduced it on a high level against Inarkiev. Attacking the h4-knight,
Black provokes the opening of the h-file. Practice indicates that the
exchanges are in Black's favour. So the latest trend is to protect the knight
by leaving the exchange on g6 for later.} 9. g3 $1 ({Here is a fresh example of
} 9. Nxg6 hxg6 10. cxd5 exd5 11. Nxe4 dxe4 12. d5 {This attempt to improve
upon Malakhov's 12.h3 didn't work either.} (12. h3 Bd6 13. Bd2 (13. d5 c5 {
is similar to 12.d5 since White is the one to choose between g3 and h3.}) 13...
Nf6 14. Qb3 Qd7 15. f4 exf3 16. Bxf3 Bc7 17. Rac1 O-O 18. Bb4 Rfe8 {and Black
was fine in 0-1 Malakhov,V (2689)-Predojevic,B (2634)/Sibenik 2008/CBM 126
Extra (51).}) 12... Bd6 13. g3 c5 $1 {Since White doesn't succeed in opening
up the position, Black should be ok here.} 14. Qa4 (14. Bd2 $5 {looks like a
possible improvement.}) 14... Qe7 15. Bb5 $2 {A loss of an important tempo.} (
15. Bd2 {was better again.}) 15... O-O-O $15 {and Black develops a strong
initiative on the kingside. 0-1 Hillarp Persson,T (2596)-Malakhov,V (2707)/
Helsingor DEN 2009/The Week in Chess 768 (27)}) 9... Nd6 {[%cal Gd6f5] Black
wants to provoke an exchange on g6 by means of Nf5.} 10. cxd5 $1 $146 {While
preparing for the game against Dreev, I discovered this simple and as it seems
strong idea. White builds up a strong centre by means of f3 and e4 not losing
important time on the protection of the c4-pawn. Moreover after e4 the knight
on d6 will be misplaced, while the exchange on e4 opens up the f-file for
White's rook.} ({Earlier White played} 10. b3 {without great success.} Be7 (
10... Nf5 11. Nxg6 hxg6 12. Bf3 Bb4 13. Bd2 Qe7 14. Re1 Nf6 15. a3 Bxa3 16.
cxd5 cxd5 17. Nb5 Bd6 18. Nxa7 O-O $11 {1/2-1/2 Papaioannou,I (2609)-Dreev,A 
(2688)/Budva MNE 2009(19).}) 11. Nxg6 hxg6 12. Qc2 Nf6 13. Rd1 Qc7 14. Bf1
O-O-O 15. Bg2 Rh5 16. c5 Nf5 17. h3 Rdh8 18. e4 dxe4 19. Bf4 Qd8 20. g4 Rxh3
21. gxf5 Rxc3 22. Qxc3 Nd5 23. Qc1 gxf5 $36 {0-1 Inarkiev,E (2675)-Shirov,A 
(2741)/Poikovsky 2008/CBM 125 (34)}) 10... cxd5 {Alexey wants to keep the
position closed, which is understandable, especially when you're fighting
against a new idea.} (10... exd5 {is the alternative. Anyway I would play} 11.
f3 {[%cal Ge3e4] preparing e4. This position deserves practical tests.}) 11. f3
{[%cal Ge3e4]} Rc8 12. e4 Nb6 {Black is strengthening the centre not allowing
White to open the position.} ({After} 12... dxe4 13. Nxg6 hxg6 14. fxe4 $14 {
White's chances are better thanks to a strong centre and a pair of bishops.})
13. a4 $1 {[%cal Ga4a5] When the knight comes to b6 it's not easy to withstand
the temptation of advancing the a-pawn to a5.} dxe4 {Black can't hold the
centre any more.} ({In the event of} 13... a5 {[%csl Rb5] the b5-square
becomes weak. Probably the simplest way to obtain an advantage is} 14. Qd3 {
[%cal Gb2b3]} Be7 15. Nxg6 hxg6 16. b3 {Taking control over the c4-square
White restricts both Black's knights.} O-O 17. Bd2 $14 {[%csl Rb6,Rd6]}) 14.
fxe4 {A very unpractical decision, though objectively it's not worse than 14.
Nxg6. This move took an extra 15-20 minutes on my clock, while an exchange on
g6 is about to happen anyway. So it wasn't necessary to delay it.} (14. Nxg6 $5
hxg6 15. fxe4 $14) 14... Be7 ({Accepting the pawn is dangerous.} 14... Bxe4 15.
Nxe4 Nxe4 16. Bb5+ Nd7 17. Qf3 Nd6 18. d5 $1 e5 19. Nf5 f6 20. Nxd6+ Bxd6 21.
Qg4 $1 {[%csl Rg7][%cal Gg4e6]} Qe7 (21... Bc5+ 22. Kg2 Qe7 23. Bh6 $1 gxh6 24.
Rxf6 $1 {[%cal Gf6e6]} a6 25. Re6 axb5 26. Rxe7+ Bxe7 27. Qe6 $16) 22. Bh6 $1
gxh6 23. Rxf6 a6 24. Re6 axb5 25. Rxe7+ Bxe7 26. Qe6 Kd8 27. d6 Bg5 28. axb5
$14 {[%cal Ge6d5] and White is better.}) (14... Nxe4 $2 {loses to} 15. Bb5+ Nd7
16. Nxg6 Nxc3 17. Qf3 $1 f5 18. Nxh8 $18) 15. a5 $1 Nd7 ({Tactics after} 15...
Nbc4 {turns out to be in White's favour.} 16. Qa4+ Kf8 (16... Qd7 $2 {loses a
piece to} 17. Nxg6 hxg6 18. e5 $18 {[%csl Rc4]}) 17. e5 Nf5 18. Nxf5 Bxf5 19.
Rd1 {[%csl Rc4]} Qc7 (19... b5 20. Nxb5 Nxb2 21. Bxb2 Rc2 {[%csl Rb2,Re2]} 22.
Nxa7 $1 Rxb2 23. Rac1 $1 {[%csl Rf8][%cal Gc1c8]} Rxe2 24. Rc8 g6 25. Rxd8+
Bxd8 26. Rd2 $1 $18) 20. Nb5 Qc6 21. Nxa7 $5 (21. b3 Bh3 22. Bf1 Bxf1 23. Rxf1
Qd5 24. bxc4 (24. a6 $5) 24... Rxc4 25. Qb3 Rxc1 26. Qxd5 Rxf1+ 27. Kxf1 exd5
28. Nxa7 $18 {[%csl Rb7][%cal Ga1b1]}) 21... Qe4 $1 22. Kf2 Bg4 23. Bxg4 Nxb2
24. Bf3 $1 Rc2+ 25. Kg1 Qxf3 26. Qxc2 Qxd1+ 27. Qxd1 Nxd1 28. Rb1 $18 {[%csl
Rb7]}) (15... Bxh4 $2 16. axb6 $18 {is obviously in White's favour.}) 16. Nxg6
{Finally.} hxg6 17. Bf4 $1 {preventing e5 and provoking g5.} (17. a6 $5 Rb8 18.
Bf4) 17... O-O 18. Qb3 $1 $16 {[%csl Gc4] White covers the c4-square and
creates pressure on the b-pawn. I was happy about my position at this point,
though I had already come close to being in severe time trouble.} (18. Qa4 $5)
18... Rc6 $1 {A very good defensive move. Black protects the knight and
prepares an exchange of the dark-squared bishops by means of 19...Bg5. This is
the critical position of the game.} 19. Qa2 $6 {I decided to move the queen
away from Nc5 and thus to prepare to gain the exchange, but the resulting
position is very difficult to play. So I should have played 19.Rfd1!} (19. Nb5
{is not very convincing in view of} Nxb5 20. Bxb5 Rc8 {[%csl Rd4,Re4][%cal
Gd7f6]}) (19. Ra4 $5 Bg5 20. e5 Bxf4 21. Rxf4 Nf5 22. Qxb7 Rc7 23. Qb5 $16) (
19. Kg2 $5 $14 a6 $1 (19... Bg5 20. Bxg5 Qxg5 21. e5 Nf5 22. Qxb7 Nb8 (22...
Ne3+ 23. Kh1 Nb8 24. Rf4 $18) 23. Rf4 $16) 20. Rfd1 b5 $1 21. axb6 Rxb6 22. Qc2
$14 {[%csl Ra6]}) ({Finally the immediate} 19. Rfd1 $1 {, which protects the
d4-pawn seems to be the best. For example,} Bg5 20. Bxd6 Rxd6 {[%csl Rd4][%cal
Gg5e3]} 21. Kg2 $1 {[%cal Gb3b7,Ge4e5] After this strong move Black can't save
the pawn.} Qb8 (21... Rc6 22. e5 $16 {[%cal Ge2f3]} (22. Qxb7 $5 $16)) (21...
Qc8 22. e5 (22. Nb5 $5 Ra6 23. e5 $16) 22... Rc6 23. Bf3 Rc7 24. h4 Bh6 25. Nb5
Rc2+ 26. Kh3 $16 {[%csl Ra7,Rb7]}) (21... e5 22. Nb5 Re6 (22... Ra6 23. Qd5 $1
$18 {[%csl Rb7][%cal Gd4e5]}) 23. Bg4 Re7 24. dxe5 $16) (21... b6 $2 22. Nb5
$18 {[%csl Ra7,Rd6]}) 22. e5 Rc6 23. Bf3 Rcc8 (23... Rc7 24. Nb5 Rc6 25. Nd6
Rc7 26. Bg4 $1 $16 {[%cal Gg4e6,Gd6f7]}) 24. Bxb7 (24. h4 $5 Be7 25. Be4 $16)
24... a6 (24... Rc7 25. a6 $16) 25. Ra3 Rc7 26. Bf3 $16) 19... Bg5 20. d5 {
Now Black can't play Nc5 and so he's forced to sacrifice an exchange.} ({After
} 20. Rad1 Bxf4 21. Rxf4 e5 $1 22. dxe5 Nxe5 {Black is at least not worse.})
20... Bxf4 21. dxc6 Be3+ 22. Kg2 (22. Kh1 $5) 22... bxc6 {This position still
doesn't look like a bad one for White, but the prospects are not bright since
Black is going to take full control over the dark squares. Moreover my b2- and
e4-pawns are potential weaknesses. So I had to play very precisely in order
not to allow the worst-case scenario.} 23. Rad1 Qb8 $1 {It turns out that he
manages to protect his hanging pieces along the d-file without any concessions.
} 24. Qa4 $138 {Finally the time trouble starts to tell.} ({It was better to
create pressure on Black so as not to allow the activation of his pieces.} 24.
Rf3 $5 Bg5 25. Rfd3 (25. Na4 $5 Rd8 26. Rfd3 Ne5 27. Rb3 Qc7 28. Nc5 $13 {
and White is still in the game.}) 25... Be7 26. Qa3 Nc8 {I reached this
position in my calculations and stopped. Probably this is the best White can
get. So I had to go for this position and continue} 27. Qa1 Ne5 (27... Nc5 $5
28. Rf3 e5 29. Qa2 Nd6 30. Bd3 Ne6 $44) 28. R3d2 Bg5 29. Rc2 Nd6 30. Qa4 c5 $44
{and though Black's compensation is obvious White has chances to hold the
position.} (30... Be3 $5)) 24... Ne5 25. b3 $2 ({In the event of} 25. b4 $1 {
, which was my initial intention, I didn't like} Ndc4 {though it turns out
that White has a very strong idea, which allowed me to equalise.} 26. Bxc4 Nxc4
27. Qxc6 $1 ({I saw that} 27. Rd7 $2 {is strongly met by means of} Qc8 $1 28.
Rfd1 Nb2 29. Qb3 Nxd1 30. Qxd1 c5 $1 {[%cal Ge3d4]} 31. bxc5 Qxc5 $17 {[%csl
Ra5,Rg2]}) ({Also in the event of} 27. b5 $6 Nb2 28. Qc2 Nxd1 29. Nxd1 Bd4 30.
Qxc6 (30. bxc6 Rc8 $17) 30... Qd8 $1 (30... Rc8 31. Qd7 Rc2+ 32. Kh3 Bf6 33.
Ne3 Rc5 34. Ng4 Qxb5 $15) 31. Qc4 Qd7 $15 {[%csl Rd1,Rg2][%cal Gf8c8] Black's
advantage is out of question.}) 27... Qxb4 28. Rxf7 $3 {It's not easy to find
this idea, especially if you're short of time on the clock.} Rxf7 (28... Kxf7
29. Rf1+ Kg8 30. Qxe6+ Kh7 31. Rxf8 Qxf8 32. Qxc4 Qf2+ $11 {transposes to 29...
Rf8.}) 29. Rd8+ Kh7 (29... Rf8 30. Qxe6+ Kh7 31. Rxf8 Qxf8 32. Qxc4 Qf2+ 33.
Kh3 Qc2 34. e5 $11 {with a perpetual for one of the sides.}) 30. Qc8 g5 31.
Rh8+ Kg6 32. Qxe6+ Rf6 33. Qe8+ Rf7 34. Qe6+ $11) 25... Qc7 $1 {Starting from
here Black takes over the initiative.} 26. Qa3 $2 $138 {A bad decision.
Waiting tacticsare not justified here as Black can easily improve his position.
} ({I had to regroup my pieces in order to be able to protect my weaknesses.
One of the possibilities is} 26. Nb1 $5 Rb8 27. Na3 c5 28. Nc2 {[%csl Rb4]
covering the b4- and d4-squares and after} Bg5 29. Rfe1 $15 {[%cal Ge2f1] and
White is still in the game, though he is obviously worse.}) (26. b4 $5 Rb8 27.
Rfe1 {was a worthy alternative. This way I'm covering my weaknesses on the
b-file and e4.}) ({Or} 26. Rfe1 $5 {[%cal Gb3b4]}) 26... c5 $17 {[%cal Gf8b8]}
27. Qa4 ({After} 27. b4 Ndc4 28. Bxc4 Nxc4 29. Qb3 cxb4 30. Qxb4 Bg5 $17 {
[%csl Rd1,Rf1,Rg2][%cal Gc4e3] I can't escape from a fork on e3.}) 27... Rb8 {
[%csl Rb3,Rb4,Rd4]} 28. Nb5 Nxb5 29. Bxb5 Bd4 $1 {Black has achieved his dream
position. He is in full control of the dark squares, his rook on b8 is very
active and finally my light-squared bishop is useless.} (29... Qb7 30. Rde1 Bd4
31. Bc4 $17) 30. Rde1 $1 g5 $1 {[%cal Gg7g6,Gg8g7,Gb8h8] Black prepares an
attack along the h-file. I can't do much about it.} 31. Re2 (31. h3 $5) (31. a6
$5) 31... g6 32. Bc4 Kg7 33. Rh1 ({I should have tried to bring my queen into
play by means of} 33. Qa2 $5 g4 34. Qd2 Rh8 35. Qf4 {though after} Qd8 {
[%cal Gh8h2]} 36. Kh1 g5 37. Qd2 Nf3 38. Qa2 Rh3 {[%cal Gh3g3]} 39. Rg2 Be5 40.
Qe2 Qxa5 41. Rxf3 gxf3 42. Qxf3 Bd4 $17 {I would hardly survive anyway.}) 33...
Ng4 $5 34. h4 $2 {This only helps Black.} (34. Kf3 $5 {was the lesser evil.})
34... Rh8 $1 $19 {[%csl Rg2] Now I can't protect my king.} 35. e5 (35. Qa2 gxh4
36. gxh4 Nf6 $19 {[%cal Gf6h5,Gh5f4]} (36... Qf4 $5 {is also good enough.} 37.
Qd2 Ne3+ 38. Rxe3 Bxe3 39. Qe2 Qxe4+ 40. Qf3 Qe5 $19 41. Re1 $140 Rxh4 42. Rxe3
(42. Qxe3 Qh2+ 43. Kf1 Rf4+ $19) 42... Qh2+ 43. Kf1 Rf4 $19 {[%csl Rf1,Rf3]}))
35... Qb7+ (35... Qb7+ 36. Kh3 Rxh4+ 37. gxh4 Qf3# {An important game from the
theoretical point of view. The idea of 10.cxd5! may lessen the number of times
Black has fun after 8...Ne4.}) 0-1

[Event "Olympiad-34"]
[Site "Istanbul"]
[Date "2000.11.06"]
[Round "9.2"]
[White "Milov, Vadim"]
[Black "Rogozenco, Dorian"]
[Result "1-0"]
[WhiteElo "2626"]
[BlackElo "2531"]
[Annotator "Milov,V"]
[PlyCount "103"]
[EventDate "2000.10.28"]
[EventType "team-swiss"]
[EventRounds "14"]
[EventCountry "TUR"]
[SourceTitle "EXT 2001"]
[Source "ChessBase"]
[SourceDate "2000.11.22"]
[SourceVersion "1"]
[SourceVersionDate "2000.11.22"]
[SourceQuality "1"]
[WhiteTeam "Switzerland"]
[BlackTeam "Romania"]
[WhiteTeamCountry "SUI"]
[BlackTeamCountry "ROU"]

1. d4 {Rogozenko} d5 2. c4 c6 3. e3 Nf6 4. Nf3 Bf5 5. Nc3 e6 6. Nh4 Be4 7. f3
Bg6 8. Qb3 Qc7 (8... Qb6 9. Nxg6 hxg6 10. c5 (10. Bd2 Nbd7 11. Bd3 $14) 10...
Qc7 11. Bd2 Nbd7 12. f4 Be7 $6 (12... b6 13. cxb6 Qxb6 $11) 13. Qd1 $1 Ne4 (
13... b6 14. b4) 14. Nxe4 dxe4 15. g3 (15. Qc2 Bh4+ $13) 15... Rh6 (15... Nf6
16. Bg2 Qd7 17. g4 $1 $16) 16. Qc2 f5 17. Bc4 g5 18. O-O-O b5 19. cxb6 axb6 20.
Kb1 gxf4 21. exf4 Qd6 22. g4 $1 b5 23. Bb3 Nb6 24. Bb4 $1 $16 {Milov,
V-Hauchard,Istanbul(ol),2000}) (8... Qb6 $142 {Rogozenko}) 9. g4 $1 {'N!'
Rogozenko.} (9. Bd2 Nbd7 10. Rc1 (10. cxd5 {Rogozenko} exd5 11. O-O-O O-O-O 12.
Nxg6 hxg6 13. e4 dxe4 14. Qxf7 exf3 15. gxf3 Nb6 16. Qxg6 Rxd4 17. Bd3 Kb8 $11
{1/2-1/2 Gurevich,M-Dorfman,J/Cap d'Agde FRA 2000 (43)})) (9. g3 {Rogozenko}
Be7 10. Kf2 Nbd7 11. Nxg6 hxg6 12. Bd2 $13 {1/2-1/2 Karpov,A-Hamdouchi,H/Cap
d'Agde FRA 2000 (48)}) 9... Be7 (9... Bd6 10. g5 $14 (10. g5 $140 {Rogozenko}
dxc4 11. Bxc4 Nd5)) (9... Nbd7 {Rogozenko} 10. g5 Ng8 11. e4 $36) 10. g5 Nfd7 (
10... Nh5 {Rogozenko} 11. f4) (10... dxc4 $142 {Rogozenko} 11. Bxc4 Nd5) 11.
Nxg6 hxg6 12. f4 $14 {Rogozenko: '()'} f6 13. Bd2 (13. Bd3 Nf8) (13. e4 $5 dxe4
14. Nxe4 Qb6 15. Bg2 $14 (15. Qe3 Na6 16. c5 Qb4+ 17. Nc3 Nc7 18. a3 Qb3 19.
Bd3 Nf8 $13)) (13. cxd5 $5 {Rogozenko} cxd5 (13... exd5 $2 14. Qc2 $16) 14. Nb5
Qc8 15. e4 $36) (13. Qc2 {Rogozenko} Nf8 14. cxd5 cxd5 $13) 13... Nf8 (13...
fxg5 14. fxg5 (14. Bd3 {Rogozenko} Nf8 15. O-O-O $44) (14. cxd5 exd5 15. Qc2
Qd6) 14... Bxg5 15. O-O-O $36) 14. O-O-O (14. e4 {Rogozenko} dxe4 15. Nxe4 Nbd7
16. O-O-O {-14.0-0-0.}) 14... Nbd7 15. e4 dxe4 16. Nxe4 O-O-O (16... Nb6 {
Rogozenko} 17. Kb1 $16) 17. c5 {'!' Rogozenko.} Rh4 $1 {/\Rf4} 18. Qa3 $6 (18.
Qg3 fxg5 19. Nxg5 Bxg5 20. Qxg5 Rh5 21. Qg3 Nf6 $13) (18. Bg2 $6 Rxf4 19. Bxf4
Qxf4+ 20. Kb1 f5 $44) (18. Kb1 $2 fxg5) (18. Qe3 $142 f5 $5 (18... fxg5 19.
Nxg5 Bxg5 20. fxg5 e5 21. Bc3 $14) 19. Nf2 e5 20. Qg3 Rh5 {'!' Rogozenko.} (
20... Rh8 21. fxe5 Ne6 22. Be3) (20... Rxf4 $1 {Rogozenko} 21. Bxf4 exf4 22.
Qa3 (22. Qg2 Ne6 23. Bc4 Ndf8 $1 $44) 22... Bxg5 $44) 21. dxe5 Bxc5 22. Nd3 Bd4
23. Bg2 $14) 18... Nb8 $2 (18... Rxf4 $4 19. Nd6+) (18... Kb8 19. Qe3 (19. Bg2
Rxf4)) 19. Qe3 $1 $16 {Rogozenko: '>< Nb8'} (19. Qxa7 Rxd4 $132 (19... Rxf4 $2
{Rogozenko} 20. Ba5 $1)) 19... f5 (19... fxg5 20. fxg5 Rxh2 21. Rxh2 Qxh2 22.
Be1 $16) (19... Nbd7 $16 {Rogozenko}) 20. Nf2 e5 {'?' Rogozenko.} 21. dxe5 (21.
Qxe5 {Rogozenko} Qxe5 22. dxe5 Bxc5) (21. fxe5 $2 {Rogozenko} Rhxd4 $17) 21...
Ne6 22. Qg3 {'!' Rogozenko.} (22. Nd3 {Rogozenko} Na6 (22... Rxd3 23. Bxd3 Rxf4
24. Kb1 $16) (22... Nxf4 23. Nxf4 Bxg5 24. Qg3 (24. Qf2 $2 Rxd2) 24... Rg4 25.
Ne6 $1) 23. Be1 (23. Qg3 Rg4) (23. b4 Nxf4 24. Nxf4 Bxg5 $132 25. Qg3 $2 Qxe5
$19) 23... Rhh8 24. b4 Rd4 25. Bg2 Rhd8 $44) 22... Rh5 (22... Rhh8 23. b4 Rd4
24. Qc3 Rhd8 25. Be3 $18) (22... Rhh8 $142 {Rogozenko}) 23. b4 Nd7 (23... Rd4 {
Rogozenko} 24. Qb3 Nxf4 25. Bxf4 Rxf4 26. Qe6+ $18) 24. Bc4 $18 Ndf8 25. h4 b5
(25... b6 26. cxb6 Qxb6 27. Nd3 (27. a3 {Rogozenko} c5 28. Be3)) 26. Be2 (26.
Bb3 {Rogozenko} Nd4 27. Kb2) 26... Rh8 27. Bc3 a5 28. a3 (28. bxa5 $6 {
Rogozenko} Bxc5 29. Rxd8+ Qxd8 30. Rd1 Qe7 $16) 28... Qa7 29. Rxd8+ Nxd8 30.
Kb2 Nfe6 31. Nd3 a4 32. Qe3 Qd7 33. Bf3 Qe8 34. Kb1 Qf7 35. Bb2 Rh7 36. Nc1 Qe8
37. Ne2 Qh8 38. Qf2 Qg8 39. Bg2 Qh8 40. Rh3 Kc7 41. Bc3 $1 Qg8 42. Be1 Nf8 43.
Rd3 Qc4 44. Qe3 Rh8 45. Bf2 Qf7 46. Nd4 Nfe6 47. Nxb5+ $1 cxb5 48. c6 Bc5 49.
bxc5 Kc8 (49... Nxc6 50. Bxc6 Kxc6 51. Rd6+ Kc7 52. c6 $18) 50. Rd7 Qg8 51. Bd5
Qe8 52. Qc3 1-0

[Event "Capablanca Memorial Elite 40th"]
[Site "Havana"]
[Date "2005.05.10"]
[Round "5"]
[White "Arencibia Rodriguez, Walter"]
[Black "Ivanchuk, Vassily"]
[Result "0-1"]
[WhiteElo "2530"]
[BlackElo "2739"]
[Annotator "Mueller,Karsten"]
[PlyCount "80"]
[EventDate "2005.05.06"]
[EventType "tourn"]
[EventRounds "14"]
[EventCountry "CUB"]
[EventCategory "15"]
[SourceTitle "CBM 107"]
[Source "ChessBase"]
[SourceDate "2005.08.01"]
[SourceVersion "1"]
[SourceVersionDate "2005.08.01"]
[SourceQuality "1"]

1. d4 d5 2. c4 c6 3. Nf3 Nf6 4. e3 Bf5 5. Nc3 e6 6. Bd3 Bg6 7. O-O Nbd7 8. Qe2
Bb4 9. Bd2 a5 10. a3 Bxc3 11. Bxc3 O-O 12. Bxg6 hxg6 13. Nd2 a4 14. f3 Re8 15.
e4 e5 16. cxd5 Nxd5 17. Rfd1 Nxc3 18. bxc3 b5 19. Nf1 Qe7 20. Qb2 Nb6 21. Ne3
f5 22. Qa2+ Kh7 23. exf5 exd4 24. Nf1 Nd5 25. Re1 Qxe1 26. Rxe1 Rxe1 27. Qf2
Rae8 28. Qxd4 Kg8 29. fxg6 Ne3 30. h3 Rxf1+ 31. Kh2 Rd1 32. Qh4 $2 {Der
folgende Gegenangriff auf der h-Linie erweist sich als erstaunlich wirkungslos.
} ({Mit} 32. Qa7 Nf1+ 33. Kg1 Red8 34. Qb6 {hätte Weiß noch lange kämpfen
können.}) 32... Nf1+ 33. Kg1 Ne3+ 34. Kh2 Nf1+ 35. Kg1 Re2 36. Qh7+ Kf8 37.
Qh8+ Ke7 38. Qxg7+ Kd6 39. Qf6+ Kc7 40. Qf7+ Kb6 {Der schwarze König ist
sicher wie in Abrahams Schoß, was von seinem Kollegen nicht behauptet werden
kann.} 0-1